000 01221cam a22002891 4500
001 hew62000121
003 DLC
005 20260227111511.0
008 910819s1962 dcuae 000 0 eng
010 _ahew62000121
035 _a(OCoLC)25429943
040 _aDLC
_cCaSRU
_dOCoLC
_dDLC
042 _apremarc
043 _an-us---
050 0 0 _aL111
_b.A72 no. 667
051 _aLB2321
_b.R67
100 1 _aRork, John Biehl,
_d1905-
_ecomp.
245 1 0 _aCasebook on campus planning and institutional development,
260 _a[Washington]
_bU.S. Dept. of Health, Education, and Welfare, Office of Education;
_c1962]
300 _avi, 162 p.
_billus., plans.
_c27 cm.
501 _aL111.A72 no. 667 with: Progress in the construction of higher education facilities / W. Robert Bokelman and Leslie F. Robbins. Washington : U.S. Dept. of Health, Education, and Welfare, Office of Education, 1962. Bound together subsequent to publication.
_5DLC
650 0 _aUniversities and colleges
_zUnited States
650 0 _aCampus planning
700 1 _aRobbins, Leslie Frank,
_d1898-
_ejoint comp.
740 0 _aCampus planning and institutional development.
810 1 _aMexico.
_tOffice of Education Circular ;
_vno. 667.
999 _c34375
_d34375